Electrical circuit theory and technology / (Record no. 7998)

MARC details
000 -LEADER
fixed length control field 00684nac a22002171u 4500
010 ## - LIBRARY OF CONGRESS CONTROL NUMBER
LC control number 98134907
020 ## - INTERNATIONAL STANDARD BOOK NUMBER
International Standard Book Number 0750635525
035 ## - SYSTEM CONTROL NUMBER
System control number (OCoLC)38871282
082 00 - DEWEY DECIMAL CLASSIFICATION NUMBER
Classification number 621.3
Item number BIR
090 ## - LOCALLY ASSIGNED LC-TYPE CALL NUMBER (OCLC); LOCAL CALL NUMBER (OCLC)
-- 7998
-- 7998
100 ## - MAIN ENTRY--PERSONAL NAME
Personal name Bird, J. O.
245 10 - TITLE STATEMENT
Title Electrical circuit theory and technology /
Statement of responsibility, etc J.O. Bird.
260 ## - PUBLICATION, DISTRIBUTION, ETC. (IMPRINT)
Place of publication, distribution, etc Oxford ;
-- Boston, Mass. :
Name of publisher, distributor, etc Butterworth-Heinemann,c.1997.
Date of publication, distribution, etc c.1997.
300 ## - PHYSICAL DESCRIPTION
Extent xvi, 939 p. :
Other physical details ill. ;
Dimensions 25 cm.
500 ## - GENERAL NOTE
General note Includes index.
500 ## - GENERAL NOTE
General note Distributer: Al-Ahram.
511 ## - PARTICIPANT OR PERFORMER NOTE
Participant or performer note Catalogued By: Mahitab.
650 #0 - SUBJECT ADDED ENTRY--TOPICAL TERM
Topical term or geographic name as entry element Electric circuits.
650 #0 - SUBJECT ADDED ENTRY--TOPICAL TERM
Topical term or geographic name as entry element Electric engineering.
942 ## - ADDED ENTRY ELEMENTS (KOHA)
Item type Book - Borrowing
Call number prefix 621.3BIR
Holdings
Withdrawn status Item status Damaged status Not for loan Home library Current library Shelving location Date acquired Source of acquisition Total Checkouts Full call number Barcode Date last seen Date last borrowed Koha item type
        Central Library Central Library First floor 18/02/2008 Purchase 1 621.3BIR 000009414 15/07/2025 03/01/2013 Book - Borrowing